00213nam a2200097Ia 4500008004100000041001200041082001500053245002900068260000900097650000900106221030s9999 xx 000 0 und d aEnglish a105.23bBE 0aFox Pro ProjectsbFLOPPY c2000 aBook